| 000 | 00888nam a22002897a 4500 | ||
|---|---|---|---|
| 003 | CHAP | ||
| 005 | 20220329133755.0 | ||
| 008 | 971013s1973 r 00010 d | ||
| 010 | _a10696 | ||
| 011 | _a11668 | ||
| 035 | _a10907 | ||
| 040 | _cCHAP | ||
| 082 |
_a519.53 _bC3 |
||
| 100 | 0 | 0 |
_aCacoullos, T. _eed. _916991 |
| 245 | _aDiscriminant analysis and applications | ||
| 260 |
_aNew York : _bAcademic Press, _c1973 |
||
| 300 | _a434 p | ||
| 490 | _aAcademic press rapid manuscript reproduction | ||
| 590 |
_aBATCH-UPD _b10 _c20130110 _lUCH01 _h2138 |
||
| 590 |
_aBATCH-UPD _b10 _c20130410 _lUCH01 _h1447 |
||
| 590 |
_aCONVERSION _b10 _c20130109 _lUCH01 _h1307 |
||
| 650 | 1 | 4 |
_aAnalisis discriminante. _95979 |
| 830 | 0 |
_aAcademic press rapid manuscript reproduction _9387 |
|
| 901 | _aBK | ||
| 942 | _cLIBRO | ||
| 949 |
_a519.53 C3 _bBC _cLIBRO _d33724000387437 _eLIBRO _h41775 _i10907 _si |
||
| 999 |
_c10696 _d10696 |
||